[Event "EU-ch U14 23rd"]
[Site "Budva"]
[Date "2013.10.07"]
[Round "8"]
[White "Bennett, Owen"]
[Black "Abdulla, Murad"]
[Result "0-1"]
[WhiteElo "1725"]
[BlackElo "1833"]
[PlyCount "74"]
[EventDate "2013.09.29"]
[EventType "swiss"]
[EventRounds "9"]
[EventCountry "MNE"]
[SourceTitle "EXT 2014"]
[Source "ChessBase"]
[SourceDate "2013.11.20"]
[SourceVersion "1"]
[SourceVersionDate "2013.11.20"]
[SourceQuality "1"]

1. d4 Nf6 2. c4 c5 3. d5 b5 4. cxb5 a6 5. bxa6 g6 6. Nc3 Bxa6 7. e4 Qa5 8. Nf3 Nxe4 9. Qc2 Nxc3 10. Bd2 Bg7 11. Bxc3 Bxc3+ 12. Qxc3 Qxc3+ 13. bxc3 d6 14. Bxa6 Nxa6 15. Kd2 0-0 16. c4 Ra7 17. Rhb1 Rfa8 18. a3 Kg7 19. Ng1 Nb4 20. Rb3 e6 21. dxe6 fxe6 22. Re3 Kf6 23. Rf3+ Ke7 24. Rh3 Kd8 25. Re3 Ke7 26. Rh3 h5 27. Rg3 Nc6 28. Ne2 Ne5 29. Ke1 Nxc4 30. Rxg6 Rxa3 31. Rxa3 Rxa3 32. f3 Ne5 33. Rh6 Ra2 34. Nf4 c4 35. Nxe6 Nd3+ 36. Kd1 c3 37. Nd4 Rd2# 0-1